000
00284nam a22001337a 4500
008
211020b ||||| |||| 00| 0 eng d
041
_a
eng
080
_a
316
082
_a
316
100
_a
50
101
_a
SOC
245
_a
Transforming Body Image
_c
Germaine,M
942
_2
udc
_c
BK
999
_c
58299
_d
58299